Odd Squad Agents by Picture - Statistics

General Stats
  • This quiz has been taken 42 times
  • The average score is 12 of 19
Answer Stats
Picture Answer % Correct
Olive
100%
Otto
90%
Ms. O
87%
Oscar
84%
Dr. O
74%
Olaf
68%
Olympia
65%
Octavia
58%
Oona
58%
Owen
58%
Orchid
55%
Ocean
52%
Otis
52%
Ohlm
48%
Orson
48%
Coach O
45%
Obfusco
45%
Oren
45%
Oksana
32%
No matching quizzes found
Score Distribution
Percent of People with Each Score
Percentile by Number Answered
Your Score History
You have not taken this quiz